載入...

Rethinking sociology : a critique of contemporary theory /

書目詳細資料
主要作者: Zeitlin, Irving M
格式: Printed Book
語言:English
出版: Jaipur ; Rawat, c1987.
主題:
LEADER 00573nam a22001577a 4500
008 190207b ||||| |||| 00| 0 eng d
020 |a 8170330416 
082 |2 301.01 
100 |a Zeitlin, Irving M 
245 |a Rethinking sociology :  |b a critique of contemporary theory /  |c Irving M. Zeitlin . 
260 |a Jaipur ;  |b Rawat,  |c c1987. 
300 |a 263p. ;  |c 25cm. 
650 7 |2 fast  |9 1184441  |a Sociology 
942 |c BK 
999 |c 309084  |d 309084 
952 |0 0  |1 0  |2 ddc  |4 0  |6 301_010000000000000_ZEI_R  |7 0  |9 354802  |a LLE  |b LLE  |c ST1  |d 1987-11-27  |g 175.00  |i 907  |l 0  |o 301.01 ZEI/R  |p LLE907  |r 2019-02-07  |y BK